| 000 | 01164cam a22003377a 4500 | ||
|---|---|---|---|
| 001 | 15368769 | ||
| 003 | OSt | ||
| 005 | 20170228171056.0 | ||
| 008 | 080716s2009 caua b 001 0 eng d | ||
| 010 | _a 2008933205 | ||
| 020 | _a9781412912082 (cased) | ||
| 020 | _a1412912083 (cased) | ||
| 020 | _a9781412912099 (pbk.) | ||
| 020 | _a1412912091 (pbk.) | ||
| 035 | _a(OCoLC)ocn244314707 | ||
| 040 |
_aNLM _cNLM _dUKM _dYDXCP _dBWKUK _dBTCTA _dDLC |
||
| 042 |
_aukblcatcopy _anlmcopyc _alccopycat |
||
| 050 | 0 | 0 |
_aRT81.5 _b.M68 2009 |
| 082 |
_aWY 18 _bM861n 2009 |
||
| 100 | 1 |
_aMoule, Pam. _911688 |
|
| 245 | 1 | 0 |
_aNursing research : _ban introduction / _cPam Moule and Margaret Goodman. |
| 260 |
_aLos Angeles : _bSAGE, _c2009. |
||
| 300 |
_axxiv, 402 p. : _bill. ; _c23 cm. |
||
| 504 | _aIncludes bibliographical references and index. | ||
| 650 | 0 |
_aNursing _xResearch. _911685 |
|
| 650 | 0 |
_aNursing _xResearch _xMethodology. _911686 |
|
| 700 | 1 |
_aGoodman, Margaret, _cDr. _911689 |
|
| 906 |
_a7 _bcbc _ccopycat _d2 _eepcn _f20 _gy-gencatlg |
||
| 942 |
_2z _cO_SHELF |
||
| 999 |
_c5595 _d5595 |
||